Advances in Optimization and Numerical Analysis : Proceedings of the Sixth Workshop on Optimization and Numerical Analysis, Oaxaca, Mexico

Αποθηκεύτηκε σε:
Λεπτομέρειες βιβλιογραφικής εγγραφής
Συγγραφή απο Οργανισμό/Αρχή: Workshop on Optimization and Numerical Analysis Oaxaca, Mexico
Άλλοι συγγραφείς: Gomez, S. (Susana) (edtf), Hennart, J. P. (Jean Pierre), 1942- (Επιμελητής έκδοσης)
Μορφή: Πρακτικό Συνεδρίου Βιβλίο
Γλώσσα:English
Δημοσίευση: Dordrecht : Kluwer, 1994.
Σειρά:Mathematics and its applications ; 275
Θέματα:
Ετικέτες: Προσθήκη ετικέτας
Δεν υπάρχουν, Καταχωρήστε ετικέτα πρώτοι!

MARC

LEADER 00000cam a2200000 i 4500
001 1/50334
008 950921s1994 ne ||| | eng||
020 |a 0-7923-2673-3 
035 |a 1995  |c ΧΑΤΖΗΣΑΒΒΑΣ  |l 10043852 
040 |a GR-MyUA  |b gre  |e AACR2 
041 0 |a eng 
082 0 |a 519.4  
111 2 |a Workshop on Optimization and Numerical Analysis  |n (6th :  |d 1992 :  |c Oaxaca, Mexico) 
245 1 0 |a Advances in Optimization and Numerical Analysis :   |b Proceedings of the Sixth Workshop on Optimization and Numerical Analysis, Oaxaca, Mexico /  |c edited by Susana Gomez and Jean-Pierre Hennart.  
260 |a Dordrecht :   |b Kluwer,   |c 1994.  
300 |a 285 σ. ;   |c 25 εκ.  
490 1 |a (Mathematics and its Applications   |v ; 275)  
650 0 0 |a Mathematical optimization  |x Congresses. 
650 0 0 |a Numerical analysis  |x Congresses. 
700 1 |a Gomez, S.   |q (Susana)  |e edtf 
700 1 |a Hennart, J. P.   |q (Jean Pierre),   |d 1942-  |e edt 
830 0 |a Mathematics and its applications ;  |v  275 
852 |a INST  |b SAMOS  |e 19950921  |h 519.4 WOR  |p 005300005049  |q 005300005049  |t BK  |y 0 
909 |a Σ  |b 041169